| 000 | 00744nam a2200205 a 4500 | ||
|---|---|---|---|
| 003 | 0 | ||
| 005 | 20250310112545.0 | ||
| 008 | 090710s19uu xx 00 eng d | ||
| 050 |
_aPHS HD 62.5 _b.C559 2009 |
||
| 100 | _aChu, Chuan Shen. | ||
| 245 |
_aA Comparative study on the entrepreneurial strategies of small and large scale Taiwanese businessmen / _cChuan Shen Chu. |
||
| 260 |
_aLas PiƱas City, Philippines : _bSouthville International School and Colleges, _c2009. |
||
| 300 |
_a25 pages ; _c28 cm. |
||
| 504 | _aIncludes bibliographical references. | ||
| 650 |
_aEntrepreneurship _zTaiwan. |
||
| 650 | _aComparative studies. | ||
| 650 |
_aSmall business _xManagement _zTaiwan. |
||
| 650 |
_aBig business _zTaiwan. |
||
| 942 |
_2lcc _cPASS |
||
| 999 |
_c98233 _d98233 |
||